Responses for Show #4490 - Friday, February 27, 2004

Contestants

[<< previous game]

Gay Hammond, a college instructor from Gainesville, Georgia

Jeff Trumbower, a college professor from Jericho, Vermont

Patrick Macaraeg, a software engineer from Largo, Florida (whose 1-day cash winnings total $24,600)

[next game >>]

Jeopardy! Round responses

U.S. BODIES OF WATER
"M"USIC
GARDENING
FAREWELL TO THE CHIEF
PAUL OF FAME
DON'T LOSE YOUR TRAIN OF THOUGHT
    $200 13
Lake Michigan

Patrick
    $200 3
Madonna

Patrick
    $200 26
bed

Patrick
    $200 1
(George) Washington

Patrick
    $200 8
(Gay: Who is Paul Simon?)

Paul McCartney

JeffGay
    $200 21
London

Jeff
    $400 14
Puget Sound

Patrick
    $400 7
Memphis

Patrick
    $400 27
garlic

Jeff
    $400 2
John Adams (or Thomas Jefferson)

Gay
    $400 9
Paul Masson

Jeff
    $400 22
3 hours

Patrick
    $600 15
Lake Pontchartrain

Jeff
    $600 18
Marsalis

Patrick
    $600 28
winter

Jeff
    $600 4
(Harry) Truman

Patrick
    $600 10
Paul Newman

Patrick
    $600 23
Chattanooga

Jeff
    $800 16
the Charles

Patrick
    $800 19
Madness

Patrick
    $800 29
beetle

Gay
    $800 5
(Warren G.) Harding

Patrick
    $800 11
Paul Simon

Jeff
    $800 24
(Alex: With a minute to go.)

Key West

Patrick
    $1,000 17
Biscayne Bay

Patrick
    $1000 20
the Manhattan Transfer

Patrick
    $1000 30
spores

Gay
    $1000 6
Teddy Roosevelt

Jeff
    $1000 12
(Gay: Who is Paul Gauguin?)

Paul Cezanne

JeffGay
    $1000 25
Golden

Patrick

Scores at the first commercial break (after clue 15):

Patrick Jeff Gay
$3,400 $4,000 -$800

Scores at the end of the Jeopardy! Round:

Patrick Jeff Gay
$10,000 $5,800 $1,000

Double Jeopardy! Round responses

GEOLOGY
THEIR FIRST FEATURE FILMS
A MATTER OF TASTE
OTHER SIDE OF THE WORLD LEADERS
WHAT A TOOL
IT'S A ZOO IN HERE!
    $400 26
seismograph

Patrick
    $400 1
A Christmas Carol

Jeff
    $400 13
tart

Gay
    $400 2
Winston Churchill

Jeff
    $400 21
rake

Jeff
    $400 8
pigskin

Patrick
    $800 27
Reykjavik

Patrick
    $800 4
Kevin Spacey

Gay
    $800 14
caffeine

Patrick
    $800 3
Alexandria

Patrick
    $800 22
Phillips

Patrick
    $800 9
horsepower

Patrick
    $1200 28
(Jeff: What are writings...petroglyphs?)

rocks

Jeff
Triple Stumper
    $1200 5
Love Story

Patrick
    $1200 18
(Jeff: What are jalapenos.. jalapeno peppers?)
(Alex: They're not jalapenos.)

(1 of 3) aged red peppers, Avery Island salt or vinegar

Jeff
Triple Stumper
    $1,200 15
Genghis Khan

Patrick
    $1200 23
the plane

Triple Stumper
    $1200 10
foxhole

Gay
    $1600 29
the Magnetic North Pole

Triple Stumper
    $1600 6
Babes in Toyland

Gay
    $1600 19
(Gay: What is I Can't Believe It's Butter?)

I Can't Believe It's Not Butter

JeffGay
    $1600 16
Haile Selassie

Jeff
    $1600 24
(Jeff: What is an awl?)

auger

Jeff
Triple Stumper
    $1600 11
ox-bow

Triple Stumper
    $2000 30
the Pleistocene

Jeff
    $2000 7
Judi Dench

Triple Stumper
    $2000 20
the finish

Triple Stumper
    $2000 17
(Gay: Who is Alexander?)

Darius

JeffGay
    $2000 25
(Alex: With a minute to go.)

adze

Jeff
    $2000 12
(Jeff: What is to fawn?)

lionize

Jeff
Triple Stumper

Scores at the end of the Double Jeopardy! Round:

Patrick Jeff Gay
$17,200 $10,200 $1,400

[wagering suggestions for these scores]

Final Jeopardy! Round responses

AMERICAN SLANG
(Alex: There are a number of small towns named [*] actually.)
GayWhat is Boondock
$1,300
JeffWhat is Podun K
$10,200
PatrickWhat is Podunk?
$3,201
Podunk

Final scores:

Patrick Jeff Gay
$20,401 $20,400 $100
2-day champion: $45,001 2nd place: $2,000 3rd place: $1,000

Game dynamics:

Coryat scores:

Patrick Jeff Gay
$17,200 $10,200 $1,400
26 R
(including 3 DDs),
0 W
18 R,
4 W
7 R,
4 W

Combined Coryat: $28,800

[game clues] [game scores] [suggest correction]

Game tape date: 2003-12-02
The J! Archive is created by fans, for fans. Scraping, republication, monetization, and malicious use prohibited; this site may use cookies and collect identifying information. See terms. The Jeopardy! game show and all elements thereof, including but not limited to copyright and trademark thereto, are the property of Jeopardy Productions, Inc. and are protected under law. This website is not affiliated with, sponsored by, or operated by Jeopardy Productions, Inc. Join the discussion at JBoard.tv.